[Event "13th SRB-ch Men 2019"]
[Site "Beograd"]
[Date "2019.04.06"]
[Round "1.2"]
[White "Markovic, Miroslav"]
[Black "Ivic, Velimir"]
[Result "0-1"]
[WhiteElo "2384"]
[BlackElo "2516"]
[Annotator "TA"]
[PlyCount "108"]
[EventDate "2019.04.06"]
[EventType "tourn"]
[EventCountry "SRB"]
[SourceTitle "playchess.com"]
[Source "ChessBase"]
[SourceQuality "1"]

{[%evp 9,108,1,6,0,0,0,0,-31,-31,-31,-33,-18,-2,-46,-44,-46,-37,-48,-36,-47,-42,-62,-66,-75,-64,-64,-64,-75,-73,-77,-64,-58,-68,-66,-63,-89,-89,-89,-74,-71,-84,-89,-79,-98,-87,-116,-114,-111,-118,-106,-100,-107,-102,-98,-99,-99,-102,-114,-114,-130,-129,-122,-108,-189,-154,-150,-142,-149,-105,-111,-106,-133,-120,-133,-106,-112,-114,-148,-135,-127,-102,-219,-237,-249,-241,-278,-281,-376,-381,-373,-366,-379,-373,-335,-325,-421,-427,-780,-768,-755,-740]} 1. e4 c5 2. Nf3 d6 3. c3 Nf6 4. Bd3 Nc6 5. O-O Bg4 6. h3 {B50: Sicilian: 2...d6, Miscellaneous} Bh5 7. Re1 e6 8. Bf1 {The position is equal.} Be7 9. d3 d5 (9... O-O 10. g4 Bg6 11. Nh4 Nd7 12. Nxg6 hxg6 13. Bg2 {0-1 (100) Kalezic,B (2448)-Korobov,A (2685) Batumi 2018}) 10. Nbd2 h6 $146 ({Predecessor:} 10... O-O 11. Qe2 h6 12. g4 Bg6 13. Bg2 dxe4 14. dxe4 {½-½ (42) Di Giannantonio,N (2358)-Barros Rivadeneira,C (2377) Santa Cruz 2015}) 11. a3 O-O 12. exd5 Nxd5 13. Ne4 Qc7 14. Ng3 Bg6 15. Qa4 Rad8 16. Qg4 Nf6 17. Qc4 $1 Na5 18. Bf4 Qb6 19. Qa4 Bxd3 20. Bxd3 Rxd3 21. Ne5 Rdd8 22. b4 Nc6 23. Nc4 Qa6 24. Qxa6 bxa6 25. Be3 Nd5 {[%cal Rc5b4]} 26. Ne4 Nxe3 27. Nxe3 Ne5 28. Nxc5 Bxc5 29. bxc5 Nd3 30. Reb1 Nxc5 31. Rb4 Rc8 32. Rd1 Rc7 33. g4 Rfc8 34. Rbd4 Kf8 35. Kg2 Ke8 36. c4 (36. h4 $17 {was necessary.}) 36... Rd7 37. Rxd7 Nxd7 $17 {[%mdl 4096] Endgame KRN-KRN} 38. h4 Nb6 39. Rc1 Rc5 40. Kf3 Ke7 41. Ke4 Nd7 42. Kd4 Kd6 43. Rb1 Ra5 44. Nc2 h5 45. g5 (45. Rb7 $17) 45... Rf5 $19 46. Rd1 Kc7 47. Ke3 Ne5 48. Nd4 Ng4+ 49. Kd2 Rxf2+ 50. Kc3 e5 51. Nb3 Ne3 52. Re1 {[#]} Rf3 $1 {...Ng2+ is the strong threat.Black is clearly winning.} 53. Re2 (53. Rh1 $142) 53... Nf5+ {[%mdl 64] Discovered Attack} 54. Kc2 {[#]} Rxb3 $1 {[%mdl 64] Remove Defender. Accuracy: White = 44%, Black = 73%.} 0-1

[Event "13th SRB-ch Men 2019"]
[Site "Beograd"]
[Date "2019.04.06"]
[Round "1.3"]
[White "Savic, Miodrag R"]
[Black "Nestorovic, Nikola"]
[Result "0-1"]
[WhiteElo "2498"]
[BlackElo "2473"]
[Annotator "RC"]
[PlyCount "80"]
[EventDate "2019.04.06"]
[EventType "tourn"]
[EventCountry "SRB"]
[SourceTitle "playchess.com"]
[Source "ChessBase"]
[SourceQuality "1"]
[TimeControl "40/5400+30:1800+30"]

1. e4 {[%emt 0:00:00]} e5 {[%emt 0:00:00]} 2. Nf3 {[%emt 0:00:00]} Nc6 {[%emt 0:00:00]} 3. Bc4 {[%emt 0:00:19]} Bc5 {[%emt 0:00:00]} 4. O-O {[%emt 0:00:23]} Nf6 {[%emt 0:00:08]} 5. d3 {[%emt 0:00:08]} O-O {[%emt 0:00:22]} 6. Nbd2 {[%emt 0:00:15]} d6 {[%emt 0:02:12]} 7. a3 {[%emt 0:01:39]} Ne7 {[%emt 0:03:40]} 8. b4 {[%emt 0:08:35]} Bb6 {[%emt 0:00:09]} 9. Bb3 {[%emt 0:00:23]} c6 {[%emt 0:03:33]} 10. Nc4 {[%emt 0:09:56]} Bc7 {[%emt 0:00:35]} 11. Re1 {[%emt 0:07:35]} Ng6 {[%emt 0:11:42]} 12. Bb2 {[%emt 0:08:14]} Be6 {[%emt 0:04:19]} 13. Ncd2 {[%emt 0:03:32]} Re8 {[%emt 0:10:44]} 14. Bxe6 {[%emt 0:05:50]} Rxe6 {[%emt 0:00:05]} 15. a4 {[%emt 0:04:21]} a5 {[%emt 0:05:44]} 16. b5 {[%emt 0:01:41]} cxb5 {[%emt 0:00:54]} 17. axb5 {[%emt 0:00:02]} d5 {[%emt 0:00:06]} 18. Qe2 {[%emt 0:17:30]} h6 {[%emt 0:01:15]} 19. g3 {[%emt 0:00:14]} Qd7 {[%emt 0:06:56]} 20. exd5 {[%emt 0:01:00]} Nxd5 {[%emt 0:00:37]} 21. Ne4 {[%emt 0:00:48]} b6 {[%emt 0:04:46]} 22. c4 {[%emt 0:01:59]} Nb4 {[%emt 0:07:51]} 23. Rad1 {[%emt 0:01:57]} f5 {[%emt 0:01:26]} 24. Nc3 {[%emt 0:00:41]} Rd8 {[%emt 0:06:35]} 25. d4 {[%emt 0:04:47]} e4 {[%emt 0:00:35]} 26. d5 {[%emt 0:02:02]} Ree8 {[%emt 0:02:51]} 27. Nd4 {[%emt 0:00:25]} Nd3 {[%emt 0:01:01]} 28. Nc6 {[%emt 0:08:36]} Nxe1 {[%emt 0:06:32]} 29. Rxe1 {[%emt 0:00:08]} Ne5 {[%emt 0:00:39]} 30. Rd1 {[%emt 0:02:08]} Nf3+ {[%emt 0:05:28]} 31. Kg2 {[%emt 0:00:39]} Bd6 {[%emt 0:00:52]} 32. Nxd8 {[%emt 0:03:57]} Qxd8 {[%emt 0:00:06]} 33. Na4 {[%emt 0:02:13]} f4 {[%emt 0:02:07]} 34. c5 {[%emt 0:00:44]} bxc5 {[%emt 0:00:54]} 35. Nc3 {[%emt 0:01:50]} Qd7 {[%emt 0:01:06]} 36. Qf1 {[%emt 0:02:48]} Qg4 {[%emt 0:02:46]} 37. Ne2 {[%emt 0:00:05]} Ng5 {[%emt 0:03:26]} 38. Ng1 {[%emt 0:00:21]} f3+ {[%emt 0:00:32]} 39. Kh1 {[%emt 0:00:01]} e3 {[%emt 0:00:05]} 40. Qe1 {[%emt 0:00:00]} Ne4 {[%emt 0:00:00]} 0-1

[Event "13th SRB-ch Men 2019"]
[Site "Beograd"]
[Date "2019.04.06"]
[Round "1.4"]
[White "Ivanisevic, Ivan"]
[Black "Kovacevic, Aleksandar"]
[Result "1/2-1/2"]
[WhiteElo "2611"]
[BlackElo "2503"]
[Annotator "TA"]
[PlyCount "46"]
[EventDate "2019.04.06"]
[EventType "tourn"]
[EventCountry "SRB"]
[SourceTitle "playchess.com"]
[Source "ChessBase"]
[SourceQuality "1"]

{[%evp 16,17,8,8]} 1. c4 c5 2. Nc3 Nc6 3. g3 g6 4. Bg2 Bg7 5. e3 e6 6. Nge2 Nge7 7. O-O O-O 8. d4 cxd4 9. Nxd4 {Predecessor:} d5 $146 10. cxd5 Nxd4 11. exd4 Nxd5 12. Nxd5 exd5 13. Qb3 Be6 14. Be3 Qd7 15. Rac1 Rfc8 16. h4 h5 17. Kh2 Bf6 18. Qd3 Qa4 19. a3 Bg7 20. Qd2 Qb3 21. Rxc8+ Rxc8 22. Rc1 Rxc1 23. Qxc1 b6 {½-½ (37) Rakhmanov,A (2662)-Morozevich,A (2683) Sochi 2016} 1/2-1/2

[Event "13th SRB-ch Men 2019"]
[Site "Beograd"]
[Date "2019.04.06"]
[Round "1.5"]
[White "Damljanovic, Branko"]
[Black "Cabarkapa, Novak"]
[Result "1/2-1/2"]
[WhiteElo "2486"]
[BlackElo "2454"]
[Annotator "TA"]
[PlyCount "84"]
[EventDate "2019.04.06"]
[EventType "tourn"]
[EventCountry "SRB"]
[SourceTitle "playchess.com"]
[Source "ChessBase"]
[SourceQuality "1"]

{[%evp 11,84,39,43,33,40,16,21,10,34,25,56,38,42,28,31,32,54,37,55,43,60,50,54,39,50,44,55,47,50,20,39,31,37,16,13,21,15,-19,23,0,0,-20,-12,-12,0,-68,-23,-22,-18,-24,-23,-79,-11,-45,-62,-47,-53,-53,0,0,0,0,0,0,0,0,0,0,0,0,0,0,0,0,0]} 1. d4 Nf6 2. c4 g6 3. Nc3 Bg7 4. e4 O-O 5. Bd3 d6 6. Nge2 c6 7. h3 {E70: King's Indian: Miscellaneous lines with 4 e4, including 5 Nge2 and 5 Bd3 0-0 6 Nge2} (7. O-O a6 8. f4 b5 9. e5 Nfd7 10. Be3 bxc4 11. Bxc4 Nb6 12. Bd3 a5 13. Rc1 Ba6 14. Bxa6 Nxa6 15. Ne4 {½-½ (31) Kuzubov,Y (2637)-Onischuk,V (2608) Lvov 2017}) 7... a6 8. Be3 b5 9. b3 {[%cal Bb2b3,Bb3c4,Bc4d5][%mdl 32]} bxc4 $146 ({Predecessor:} 9... Bb7 10. O-O e5 11. d5 cxd5 12. cxd5 Nh5 13. b4 Nd7 14. a4 bxa4 15. Rxa4 Nf4 16. Qd2 Nxd3 17. Qxd3 Nb6 {½-½ (17) Karolyi,T (2439)-Lakos,N (2327) Hungary 2001}) 10. bxc4 c5 11. d5 e6 12. O-O exd5 13. cxd5 Re8 14. Rc1 Nbd7 {[%cal Bb8d7,Bd7e5,Be5f7][%mdl 32]} 15. Ng3 h5 16. Bg5 Qb6 17. Qd2 Nh7 18. Bh6 Ne5 {Hoping for ...Bxh6.} 19. Be2 h4 $1 {[%cal Rh4g3]} 20. Nh1 f5 21. Bxg7 Kxg7 22. f4 Nf7 $1 23. Nf2 Nf6 {[%cal Rf5e4]} 24. Bf3 Qa5 25. Rfe1 Rb8 {[%cal Ba8b8,Bb8b4,Bb4d4][%mdl 32]} 26. Kh2 Bd7 27. Re2 Rb4 28. exf5 ({White should play} 28. Rce1 $11) 28... Rd4 29. Qb2 {aiming for Rxe8.} gxf5 30. Rxe8 Bxe8 31. Ne2 {[#]} (31. Qe2 $11 {keeps the balance.}) 31... Qb4 ({Better is} 31... Ra4 $1 $17 32. Qb1 Bd7) 32. Rc2 Qxb2 33. Rxb2 Ra4 34. Nd1 Ne4 (34... Bb5 $15 35. Ndc3 {[#]} Bxe2 $1 {[%mdl 512]} 36. Nxe2 Kg6) 35. Ne3 {The position is equal.} Kf6 36. g4 $36 {[%mdl 2048] Black is under pressure.} hxg3+ 37. Nxg3 {Strongly threatening Nh5+.} Nxg3 38. Kxg3 Bb5 39. h4 Ra3 40. Kf2 Ra4 41. Kg3 Ra3 42. Kf2 Ra4 {Accuracy: White = 41%, Black = 53%.} 1/2-1/2

[Event "13th SRB-ch Men 2019"]
[Site "Beograd"]
[Date "2019.04.07"]
[Round "2.1"]
[White "Zajic, Milan"]
[Black "Cabarkapa, Novak"]
[Result "1/2-1/2"]
[WhiteElo "2507"]
[BlackElo "2454"]
[Annotator "RC"]
[PlyCount "24"]
[EventDate "2019.04.06"]
[EventType "tourn"]
[EventCountry "SRB"]
[SourceTitle "playchess.com"]
[Source "ChessBase"]
[SourceQuality "1"]
[TimeControl "40/5400+30:1800+30"]

1. e4 {[%emt 0:02:36]} e6 {[%emt 0:00:00]} 2. d4 {[%emt 0:00:34]} d5 {[%emt 0:00:00]} 3. Nc3 {[%emt 0:00:14]} Nf6 {[%emt 0:00:00]} 4. Bg5 {[%emt 0:00:11]} dxe4 {[%emt 0:00:03]} 5. Nxe4 {[%emt 0:00:08]} Be7 {[%emt 0:00:05]} 6. Bxf6 {[%emt 0:00:09]} gxf6 {[%emt 0:00:05]} 7. Qd2 {[%emt 0:00:29]} c5 {[%emt 0:00:19]} 8. Nxc5 {[%emt 0:04:50]} Bxc5 {[%emt 0:00:07]} 9. dxc5 {[%emt 0:00:07]} Qxd2+ {[%emt 0:00:04]} 10. Kxd2 {[%emt 0:00:03]} Ke7 {[%emt 0:00:05]} 11. Nf3 {[%emt 0:28:53]} Rd8+ {[%emt 0:04:39]} 12. Ke3 {[%emt 0:12:14]} Nd7 {[%emt 0:00:46]} 1/2-1/2

[Event "13th SRB-ch Men 2019"]
[Site "Beograd"]
[Date "2019.04.07"]
[Round "2.2"]
[White "Kovacevic, Aleksandar"]
[Black "Damljanovic, Branko"]
[Result "1/2-1/2"]
[WhiteElo "2503"]
[BlackElo "2486"]
[Annotator "ChessBase"]
[PlyCount "56"]
[EventDate "2019.04.06"]
[EventType "tourn"]
[EventCountry "SRB"]
[SourceTitle "playchess.com"]
[Source "ChessBase"]
[SourceQuality "1"]
[TimeControl "40/5400+30:1800+30"]

1. e4 {[%emt 0:00:00]} c5 {[%emt 0:00:00]} 2. Nf3 {[%emt 0:00:00]} e6 {[%emt 0:00:00]} 3. d4 {[%emt 0:00:00]} cxd4 {[%emt 0:00:00]} 4. Nxd4 {[%emt 0:00:03]} a6 {[%emt 0:00:01]} 5. c4 {[%emt 0:00:19]} Nf6 {[%emt 0:00:07]} 6. Nc3 {[%emt 0:00:06]} Bb4 {[%emt 0:00:06]} 7. Bd3 {[%emt 0:00:34]} Qc7 {[%emt 0:02:20]} 8. O-O {[%emt 0:00:30]} Nc6 {[%emt 0:01:41]} 9. Nxc6 {[%emt 0:00:20]} dxc6 {[%emt 0:00:15]} 10. Be3 {[%emt 0:00:20]} Bxc3 {[%emt 0:11:40]} 11. bxc3 {[%emt 0:00:07]} e5 {[%emt 0:01:47]} 12. Rb1 {[%emt 0:04:48]} c5 {[%emt 0:07:03]} 13. Qb3 {[%emt 0:23:16]} Nd7 {[%emt 0:04:18]} 14. Be2 {[%emt 0:03:08]} O-O {[%emt 0:04:55]} 15. Bg4 {[%emt 0:03:51]} Nf6 {[%emt 0:06:24]} 16. Bxc8 {[%emt 0:00:21]} Rfxc8 {[%emt 0:00:02]} 17. f3 {[%emt 0:00:41]} Rab8 {[%emt 0:01:36]} 18. Rfd1 {[%emt 0:05:10]} b5 {[%emt 0:19:39]} 19. cxb5 {[%emt 0:03:49]} axb5 {[%emt 0:00:03]} 20. a4 {[%emt 0:00:32]} c4 {[%emt 0:02:55]} 21. Qb4 {[%emt 0:02:42]} bxa4 {[%emt 0:00:33]} 22. Qxa4 {[%emt 0:00:18]} h6 {[%emt 0:00:46]} 23. Rb4 {[%emt 0:10:35]} Ra8 {[%emt 0:04:06]} 24. Qc2 {[%emt 0:09:52]} Ra3 {[%emt 0:05:29]} 25. Rb5 {[%emt 0:10:20]} Rb3 {[%emt 0:10:21]} 26. Rxb3 {[%emt 0:06:40]} cxb3 {[%emt 0:00:07]} 27. Qxb3 {[%emt 0:00:03]} Qxc3 {[%emt 0:00:11]} 28. Qxc3 {[%emt 0:01:33]} Rxc3 {[%emt 0:00:03]} 1/2-1/2

[Event "13th SRB-ch Men 2019"]
[Site "Beograd"]
[Date "2019.04.07"]
[Round "2.3"]
[White "Nestorovic, Nikola"]
[Black "Ivanisevic, Ivan"]
[Result "1/2-1/2"]
[WhiteElo "2473"]
[BlackElo "2611"]
[Annotator "TA"]
[PlyCount "90"]
[EventDate "2019.04.06"]
[EventType "tourn"]
[EventCountry "SRB"]
[SourceTitle "playchess.com"]
[Source "ChessBase"]
[SourceQuality "1"]

{[%evp 9,90,48,61,64,69,65,65,44,44,41,41,20,21,0,5,0,79,75,71,68,68,62,72,70,86,57,44,26,64,65,60,7,101,33,96,86,110,77,120,121,125,115,126,134,118,18,18,18,18,19,25,0,18,31,45,45,54,54,54,55,54,37,57,50,72,9,82,81,72,71,177,143,298,59,59,59,59,58,64,0,0,0,5]} 1. e4 c5 2. Nf3 a6 3. c4 d6 4. d4 Bg4 5. dxc5 Bxf3 6. gxf3 {B28: Sicilian: 2 Nf3 a6 (O'Kelly Variation)} e6 $146 ({Predecessor:} 6... dxc5 7. Qxd8+ Kxd8 8. Nc3 Nd7 9. Be3 e6 10. O-O-O Kc7 11. f4 Ne7 {½-½ (11) Mastrovasilis,D (2563)-Efimenko,Z (2670) Subotica 2008}) 7. cxd6 Bxd6 8. f4 {White is slightly better.} Nc6 9. Be3 Qc7 10. e5 Bb4+ 11. Nc3 Nge7 12. Qc2 Qa5 (12... O-O-O $11) 13. a3 Nf5 14. Rc1 $36 {[%mdl 2048] White is pushing.} Ncd4 15. Qe4 Bxc3+ $1 16. Rxc3 Rd8 17. Bd3 Rd7 18. O-O Qd8 19. Kh1 O-O 20. Bb1 (20. Rd1 $14) 20... Qh4 (20... Qc7 $11) 21. Rd3 (21. Rd1 $1 $16) 21... Rfd8 (21... Qh5 $14 22. Bxd4 Rxd4 23. Rxd4 Nxd4) 22. Rfd1 $16 {[%cal Re3d4]} Nxe3 23. Qxe3 {[%cal Rd3d4]} ({Reject} 23. fxe3 $6 Nf5 $11) 23... Qh5 {[#]} 24. Qh3 $1 {[%cal Rh3h5]} Qxh3 25. Rxh3 Ne2 {[#]} 26. Rhd3 $1 {[%cal Rd3d7]} ({Don't play} 26. Bxh7+ Kf8 $14) 26... Rxd3 27. Rxd3 (27. Bxd3 $16 Nd4 28. Be4) 27... Rxd3 $11 28. Bxd3 Nxf4 $16 {[%mdl 4096] Endgame KB-KN} 29. Be4 b6 30. h4 Kf8 31. Kh2 Ke7 32. Kg3 Ne2+ $1 33. Kf3 Nd4+ 34. Ke3 Nb3 $1 35. f4 h6 36. Bc2 Na5 37. b3 (37. Kd3 $16) 37... g6 (37... Nc6 $11 {keeps the balance.}) 38. Kd4 Nc6+ 39. Kc3 Kd7 (39... f5 $16) 40. Be4 $18 Ne7 $2 (40... Nb8 $16 {was called for.}) 41. b4 $2 ({White should play} 41. Kb4 $18 Nc6+ 42. Kc3) 41... Kc7 $14 42. Kd4 Ng8 43. a4 Ne7 44. c5 (44. Kd3 $14) 44... b5 $1 $11 {[%cal Rb5a4]} 45. axb5 axb5 {Accuracy: White = 51%, Black = 47%.} 1/2-1/2

[Event "13th SRB-ch Men 2019"]
[Site "Beograd"]
[Date "2019.04.07"]
[Round "2.4"]
[White "Ivic, Velimir"]
[Black "Savic, Miodrag R"]
[Result "1/2-1/2"]
[WhiteElo "2516"]
[BlackElo "2498"]
[Annotator "TA"]
[PlyCount "51"]
[EventDate "2019.04.06"]
[EventType "tourn"]
[EventCountry "SRB"]
[SourceTitle "playchess.com"]
[Source "ChessBase"]
[SourceQuality "1"]

{[%evp 9,51,10,19,11,3,4,0,12,6,10,14,5,16,18,23,13,60,48,63,65,77,54,97,81,89,93,106,41,51,50,45,55,53,45,63,49,76,75,83,41,37,8,16,14]} 1. e4 e5 2. Nf3 Nf6 3. d4 Nxe4 4. dxe5 d5 5. Nbd2 Nxd2 6. Bxd2 {C43: Petroff Defence: 3 d4} Be7 7. Bd3 c5 8. c3 Nc6 9. O-O Be6 10. b4 $146 {[%cal Bb2b4,Bb4b5][%mdl 32]} ({Predecessor:} 10. a3 Qd7 11. b4 Rd8 12. bxc5 Bxc5 13. Bg5 Rc8 {0-1 (66) Anton Guijarro,D (2642)-Fridman,D (2633) St Petersburg 2018}) 10... c4 11. Bc2 a6 12. Bf4 h6 13. a4 Qd7 14. b5 Nd8 15. Nd4 Bc5 16. Be3 O-O 17. f4 {f5 is the strong threat.} Bg4 {[#]} 18. Qb1 (18. Qd2 $1 $16) 18... axb5 19. Qxb5 Qxb5 20. axb5 Rxa1 21. Rxa1 Bd7 22. Kf2 f6 23. exf6 Rxf6 24. Ra8 Rf8 25. Nf3 Bxe3+ 26. Kxe3 {Accuracy: White = 56%, Black = 76%.} 1/2-1/2

[Event "13th SRB-ch Men 2019"]
[Site "Beograd"]
[Date "2019.04.07"]
[Round "2.5"]
[White "Milanovic, Danilo"]
[Black "Markovic, Miroslav"]
[Result "1/2-1/2"]
[WhiteElo "2495"]
[BlackElo "2384"]
[Annotator "TA"]
[PlyCount "34"]
[EventDate "2019.04.06"]
[EventType "tourn"]
[EventCountry "SRB"]
[SourceTitle "playchess.com"]
[Source "ChessBase"]
[SourceQuality "1"]

{[%evp 24,34,0,0,0,0,87,-8,-8,-32,-38,-50,11]} 1. d4 d5 2. c4 c6 3. cxd5 cxd5 4. Nc3 Nc6 5. Nf3 Nf6 6. Bf4 Bf5 7. e3 e6 8. Bd3 Bxd3 9. Qxd3 Bd6 10. Bxd6 Qxd6 11. O-O O-O 12. Rfc1 Rfc8 13. h3 Nb4 {[#] D14: Slav Defence: Exchange variation with ...Bf5} (13... h6 14. Nd2 Nd7 15. Ne2 Ne7 {½-½ (15) Bu,X (2725)-Duda,J (2724) Liaocheng 2018}) 14. Qd1 $146 Ne4 {[#]} (14... Nc6 $11 {keeps the balance.}) 15. Ne5 (15. Nxe4 $1 $16 dxe4 16. Ng5 Rxc1 17. Rxc1) 15... Nxc3 $11 16. bxc3 Nc6 17. Nxc6 bxc6 ({Better is} 17... Rxc6 $15 18. Rab1 b6) 1/2-1/2

[Event "13th SRB-ch Men 2019"]
[Site "Beograd"]
[Date "2019.04.08"]
[Round "3.1"]
[White "Markovic, Miroslav"]
[Black "Zajic, Milan"]
[Result "1/2-1/2"]
[WhiteElo "2384"]
[BlackElo "2507"]
[Annotator "TA"]
[PlyCount "37"]
[EventDate "2019.04.06"]
[EventType "tourn"]
[EventCountry "SRB"]
[SourceTitle "playchess.com"]
[Source "ChessBase"]
[SourceQuality "1"]

{[%evp 15,37,0,0,0,-7,-14,-16,0,0,0,0,0,21,25,24,28,27,8,8,0,0,0,0,0]} 1. Nf3 d5 2. g3 Nc6 3. Bg2 e5 4. d3 Nf6 5. O-O Bd6 6. c4 {A07: Réti Opening: New York and Capablanca Systems} dxc4 7. dxc4 O-O 8. Nc3 h6 {LiveBook: 5 Games} 9. Nb5 e4 10. Nfd4 Be5 {[%cal Rc6d4]} 11. Nxc6 bxc6 12. Nc3 Qxd1 $146 ({Predecessor:} 12... Bxc3 13. bxc3 {½-½ (13) Moldovan,D (2434)-Grigore,G (2483) Bucharest 2001}) 13. Rxd1 Ba6 14. Nxe4 Nxe4 15. Bxe4 Bxc4 16. Bd3 Rfd8 {The position is equal.} 17. Bf4 Bxd3 18. Rxd3 Rxd3 19. exd3 1/2-1/2

[Event "13th SRB-ch Men 2019"]
[Site "Beograd"]
[Date "2019.04.08"]
[Round "3.2"]
[White "Savic, Miodrag R"]
[Black "Milanovic, Danilo"]
[Result "1/2-1/2"]
[WhiteElo "2498"]
[BlackElo "2495"]
[Annotator "TA"]
[PlyCount "86"]
[EventDate "2019.04.06"]
[EventType "tourn"]
[EventCountry "SRB"]
[SourceTitle "playchess.com"]
[Source "ChessBase"]
[SourceQuality "1"]

{[%evp 9,86,36,31,36,42,43,34,31,62,16,17,7,28,29,34,16,24,25,22,22,33,26,25,25,39,28,25,25,40,34,47,36,41,35,72,53,55,42,45,47,54,52,49,29,31,20,43,20,27,27,31,21,27,28,21,12,22,25,24,30,37,-8,0,0,14,-27,0,-5,6,-17,0,0,29,24,41,27,40,28,26]} 1. e4 d5 2. exd5 Qxd5 3. Nc3 Qd8 4. Nf3 Bg4 5. Be2 e6 6. O-O {B01: Scandinavian Defence} Nf6 7. h3 Bh5 8. d4 {White is slightly better.} Be7 (8... c6 9. g4 Bg6 10. Ne5 Bb4 11. f4 Ne4 12. Nxg6 Nxc3 13. bxc3 hxg6 14. cxb4 Rxh3 {1-0 (29) Bologan,V (2640)-Moskalenko,A (2490) Sochi 2016}) 9. Be3 c6 10. a4 $146 ({Predecessor:} 10. Ne5 Bxe2 11. Qxe2 O-O 12. Rad1 Nbd7 13. Qf3 Nd5 14. Nxd5 cxd5 {1-0 (37) Coro,R (1662)-Marques,A (1933) Florianopolis 2018}) 10... Bxf3 11. Bxf3 a5 12. Ne2 Nd5 13. Bd2 O-O 14. c3 Qb6 15. Qc2 Rd8 16. Rad1 Na6 {[%cal Bb8a6,Ba6c7,Bc7e8,Be8f6][%mdl 32]} 17. Bc1 Rac8 18. Rfe1 Rd7 19. Ng3 {[%cal Be2g3,Bg3e4,Be4d2,Bd2f3,Bf3e5][%mdl 32]} Qd8 20. Be2 Nac7 21. Ne4 b6 22. Nd2 Bg5 23. Nf3 Bxc1 24. Qxc1 Ne8 25. Ne5 Rd6 26. Bf3 Nef6 27. Qc2 Qc7 28. Qb3 Rcd8 29. g3 h6 30. Kg2 Rb8 31. Qc4 Ne7 32. Re2 Rbd8 33. Rde1 Ned5 34. Qb3 Rc8 35. Nd3 Ne7 36. Qc4 Ned5 37. Qb3 Ne7 38. Nf4 Ned5 39. Nd3 Ne7 40. Ne5 Ned5 41. Rd1 Rcd8 42. Rc1 Rc8 43. Nc4 Rdd8 {Accuracy: White = 40%, Black = 54%.} 1/2-1/2

[Event "13th SRB-ch Men 2019"]
[Site "Beograd"]
[Date "2019.04.08"]
[Round "3.3"]
[White "Ivanisevic, Ivan"]
[Black "Ivic, Velimir"]
[Result "1-0"]
[WhiteElo "2611"]
[BlackElo "2516"]
[Annotator "TA RC"]
[PlyCount "93"]
[EventDate "2019.04.06"]
[EventType "tourn"]
[EventCountry "SRB"]
[SourceTitle "playchess.com"]
[Source "ChessBase"]
[SourceQuality "1"]

{[%evp 9,93,26,29,19,26,20,24,20,31,19,29,23,33,27,44,32,32,22,33,32,20,7,8,8,10,0,14,16,24,16,18,0,52,49,48,47,55,41,43,41,75,49,41,17,19,12,74,56,77,50,48,42,47,33,34,38,35,20,33,26,29,29,27,31,16,30,37,12,21,23,28,50,320,295,358,356,288,358,4133,3429,2096,1940,29969,29968,29974,29973]} 1. d4 Nf6 2. Nf3 g6 3. Nbd2 d5 4. c4 c6 5. e3 Bg7 6. b4 {D70: Grünfeld: Unusual White 3rd moves (met by ...d5)} O-O 7. Be2 Bf5 8. O-O {White has an edge.} Nbd7 9. Bb2 Ne4 10. Nxe4 Bxe4 11. Nd2 Bf5 12. cxd5 cxd5 13. Qb3 $146 ({Predecessor:} 13. Rc1) 13... Nf6 14. Rfc1 Qd7 15. Nf3 Rfc8 16. Ne5 Qd8 17. h3 Rxc1+ 18. Rxc1 Rc8 19. Rxc8 Qxc8 20. g4 Qc2 (20... Be6 $11) 21. Bd1 $1 $14 {[%cal Rd1c2]} Qxb3 22. Bxb3 Be6 23. f3 g5 24. b5 Ne8 25. Ba3 Kf8 26. Bb4 Nc7 27. a4 Ke8 (27... Bxe5 $11 28. dxe5 d4 29. Bxe6 Nxe6) 28. Bc2 h6 29. Nd3 Bc8 30. Be1 f6 31. Bg3 Kd8 32. Bb3 e6 33. Kf2 Bf8 34. e4 dxe4 35. fxe4 f5 36. Be5 b6 37. Bf6+ Ke8 38. gxf5 exf5 39. Ne5 {[%csl Ge5][%cal Rb3f7] [#]} Bd6 $1 40. Nf7 Be7 $2 {[%mdl 8192]} (40... Bf8 $1 $14) 41. Be5 $18 Ne6 42. exf5 (42. Nxh6 fxe4 43. Ng8 Nf4 $16) 42... Kxf7 43. Kg3 ({Worse is} 43. fxe6+ Bxe6 44. Bxe6+ Kxe6 $11) 43... Bf6 $2 {[#]} (43... Bf8 44. Bb8 (44. fxe6+ Bxe6 45. Bxe6+ Kxe6 $16) 44... Kf6 45. fxe6 Bxe6 46. Bxe6 Kxe6 47. Bxa7 Bd6+ 48. Kg4 Bc7) 44. Bxf6 $1 Kxf6 45. Bxe6 Bxe6 46. fxe6 Kxe6 47. Kg4 {Accuracy: White = 68%, Black = 55%.} 1-0